Fairy tales from near and far / (Record no. 9307)

MARC details
000 -LEADER
fixed length control field 01070nam a22002297a 4500
001 - CONTROL NUMBER
control field 9307
003 - CONTROL NUMBER IDENTIFIER
control field FISKH
005 - DATE AND TIME OF LATEST TRANSACTION
control field 20251218081525.0
008 - FIXED-LENGTH DATA ELEMENTS--GENERAL INFORMATION
fixed length control field 251209b cb ||||| |||| 00| 0 eng d
040 ## - CATALOGING SOURCE
Original cataloging agency FISKH
Language of cataloging eng
Transcribing agency FISKH
Modifying agency FISKH
082 ## - DEWEY DECIMAL CLASSIFICATION NUMBER
Classification number 823.91
100 ## - MAIN ENTRY--PERSONAL NAME
Personal name Williams-Ellis, Amabel
245 ## - TITLE STATEMENT
Title Fairy tales from near and far /
Statement of responsibility, etc. Amabel Williams-Ellis
260 ## - PUBLICATION, DISTRIBUTION, ETC.
Place of publication, distribution, etc. London :
Name of publisher, distributor, etc. Blackie,
Date of publication, distribution, etc. 1977.
300 ## - PHYSICAL DESCRIPTION
Extent 128 pages :
Other physical details color illustrations ;
Dimensions 22 cm
520 ## - SUMMARY, ETC.
Summary, etc. A collection of traditional fairy tales retold by Amabel Williams-Ellis, featuring stories from different countries and cultures. Each tale presents classic themes of magic, adventure, kindness, and courage, offering readers a glimpse into folklore from around the world. The anthology brings together both familiar and less-known stories, written in clear, engaging language suitable for young readers.
650 ## - SUBJECT ADDED ENTRY--TOPICAL TERM
Topical term or geographic name entry element Fairy tales
Form subdivision Adventure
650 ## - SUBJECT ADDED ENTRY--TOPICAL TERM
Topical term or geographic name entry element World tales
Form subdivision Moral stories
General subdivision Folklore
650 ## - SUBJECT ADDED ENTRY--TOPICAL TERM
Topical term or geographic name entry element Short stories
Form subdivision Traditional tales
942 ## - ADDED ENTRY ELEMENTS (KOHA)
Source of classification or shelving scheme Dewey Decimal Classification
Koha item type Books
Suppress in OPAC No
Holdings
Withdrawn status Lost status Source of classification or shelving scheme Damaged status Not for loan Collection Home library Current library Shelving location Date acquired Total Checkouts Full call number Barcode Date last seen Copy number Price effective from Koha item type
    Dewey Decimal Classification     Reference Footprints International School Library Network Toul Tom Poung Campus Footprints International School Library Network Toul Tom Poung Campus Librarian's Shelf TTP 12/09/2025   WIL 823.91 PZ7 2025-5098 12/09/2025 1 12/09/2025 Books